Random Irish Words - Statistics

General Stats
  • This quiz has been taken 424 times
    418 since last reset
  • The average score is 12 of 16
Answer Stats
Hint Answer % Correct
Scoil School
90%
Madra Dog
89%
Cailín Girl
88%
Clann Family
84%
Prátaí Potato
81%
Cara Friend
80%
Bothar Road
79%
Buí Yellow/Thankful
78%
Leaba Bed
73%
Seomra Room
72%
Geata Gate
71%
Dia God
71%
Corcra Purple
71%
Dath Colour
62%
Bialann Restaurant
61%
Uaigneas Loneliness
33%
No matching quizzes found
Score Distribution
Percent of People with Each Score
Percentile by Number Answered
Your Score History
You have not taken this quiz since the last reset